Sports Quiz

Random Sports or NFL Quiz

NFL Every 3,000 Yard Passer - AFC Quiz Stats

Quiz not verified by Sporcle

Challenge
Share
Tweet
Embed
Score 0/88 Timer 08:00
0 Plays Today
Team Player % Correct
PatriotsTom Brady
99.5%
PatriotsDrew Bledsoe
98.8%
DolphinsDan Marino
98.8%
BillsDrew Bledsoe
98.8%
ColtsPeyton Manning
98.8%
BroncosPeyton Manning
98.8%
BillsJim Kelly
98.1%
BroncosJohn Elway
98.1%
RavensJoe Flacco
97.9%
ChargersPhilip Rivers
97.4%
SteelersBen Roethlisberger
97.1%
SteelersTerry Bradshaw
96.7%
TexansMatt Schaub
96.4%
JetsJoe Namath
96%
BengalsCarson Palmer
96%
RaidersCarson Palmer
96%
BengalsKen Anderson
95.5%
BrownsDerek Anderson
95.5%
ChargersDan Fouts
95.5%
JetsBoomer Esiason
95%
BengalsBoomer Esiason
95%
Titans/OilersWarren Moon
95%
JaguarsMark Brunell
94.8%
RavensSteve McNair
94.5%
Titans/OilersSteve McNair
94.5%
TexansDavid Carr
93.1%
JetsMark Sanchez
92.1%
RaidersRich Gannon
91.9%
DolphinsChad Pennington
91%
JetsChad Pennington
91%
Team Player % Correct
ColtsJohnny Unitas
91%
ChiefsTrent Green
91%
JetsVinny Testaverde
90.5%
RavensVinny Testaverde
90.5%
PatriotsMatt Cassel
89.8%
ChiefsMatt Cassel
89.8%
BillsRyan Fitzpatrick
89.3%
JaguarsDavid Garrard
88.6%
ChargersDrew Brees
87.4%
BrownsBernie Kosar
86.9%
Titans/OilersKen Stabler
86.4%
RaidersKen Stabler
86.4%
BroncosJay Cutler
86.2%
BroncosKyle Orton
86.2%
BroncosBrian Griese
84.8%
SteelersKordell Stewart
84.5%
BroncosJake Plummer
84.5%
JetsKen O'Brien
83.8%
ColtsAndrew Luck
83.3%
BengalsAndy Dalton
80.2%
BrownsBrian Sipe
77.6%
SteelersNeil O'Donnell
77.1%
PatriotsTony Eason
76.4%
SteelersTommy Maddox
76.4%
PatriotsSteve Grogan
75%
ChiefsJoe Montana
74.5%
DolphinsChad Henne
73.8%
DolphinsJay Fiedler
71.9%
BrownsTim Couch
71.9%
RavensElvis Grbac
71.4%
Team Player % Correct
ChiefsElvis Grbac
71.4%
Titans/OilersMatt Hasselbeck
70.7%
BillsDoug Flutie
70.5%
ChargersStan Humphries
69.3%
BillsJ.P. Losman
68.3%
ColtsBert Jones
67.9%
RaidersKerry Collins
66.2%
BengalsJon Kitna
63.3%
RaidersDaryle Lamonica
61.9%
BengalsJeff Blake
61.7%
Titans/OilersGeorge Blanda
60%
JetsRichard Todd
58.8%
BroncosCraig Morton
58.6%
BillsJoe Ferguson
56.7%
BrownsBrandon Weeden
54%
ChargersJohn Hadl
53.3%
RaidersJeff George
52.6%
ChiefsSteve DeBerg
51.7%
ChargersJack Kemp
43.6%
ChiefsBill Kenney
41.4%
JetsBrett Favre
40.5%
RaidersJeff Hostetler
40%
ChiefsSteve Bono
36.9%
PatriotsBabe Parilli
34%
ChiefsDave Krieg
32.1%
PatriotsHugh Millen
24.8%
BrownsPaul McDonald
13.3%
BroncosFrank Tripucka
12.4%

You're not logged in!

Compare scores with friends on all Sporcle quizzes.
Join for Free
OR
Log In

You Might Also Like...

Show Comments

Extras

Top Quizzes Today


Score Distribution

Your Account Isn't Verified!

In order to create a playlist on Sporcle, you need to verify the email address you used during registration. Go to your Sporcle Settings to finish the process.

Report this User

Report this user for behavior that violates our Community Guidelines.

Details: